Sports Quiz

Random Sports or World Quiz

Nigeria WC squads Quiz Stats

 Plays Quiz not verified by Sporcle

Challenge
Share
Tweet
Embed
Score 0/94 Timer 16:00
0 Plays Today
Year Player % Correct
1998Nwankwo Kanu
89.9%
2002Nwankwo Kanu
89.9%
2010Nwankwo Kanu
89.9%
1994Augustine Okocha
89.4%
1998Augustine Okocha
89.4%
2002Augustine Okocha
89.4%
1998Taribo West
77.6%
2002Taribo West
77.6%
1994Sunday Oliseh
75.6%
1998Sunday Oliseh
75.6%
1994Daniel Amokachi
74.5%
1998Daniel Amokachi
74.5%
1994Finidi George
70.4%
1998Finidi George
70.4%
2010Yakubu Aiyegbeni
70%
1998Celestine Babayaro
69.6%
2002Celestine Babayaro
69.6%
2010Obafemi Martins
65.6%
1994Peter Rufai
63.8%
1998Peter Rufai
63.8%
1994Emmanuel Amunike
60.2%
1994Rashidi Yekini
59.6%
1998Rashidi Yekini
59.6%
1998Tijani Babangida
59.2%
2002Joseph Yobo
59.2%
2010Joseph Yobo
59.2%
2002Vincent Enyeama
57.6%
2010Vincent Enyeama
57.6%
2010Kalu Uche
57.1%
1994Victor Ikpeba
56.3%
1998Victor Ikpeba
56.3%
2010Taye Taiwo
49.9%
Year Player % Correct
2010Peter Odemwingie
49.1%
1998Garba Lawal
46.8%
2002Garba Lawal
46.8%
2002Julius Aghahowa
42%
1994Mutiu Adepoju
37.5%
1998Mutiu Adepoju
37.5%
2002Mutiu Adepoju
37.5%
1994Uche Okechukwu
34.6%
1998Uche Okechukwu
34.6%
2002John Utaka
32.7%
2010John Utaka
32.7%
1998Velibor Milutinović
32.1%
2002Isaac Okoronkwo
30.2%
1994Stephen Keshi
29%
1994Samson Siasia
28.4%
2010Danny Shittu
27.5%
2010Victor Obinna
27.3%
1998Wilson Oruma
25.1%
2010Lars Lagerbäck
23.6%
1994Augustine Eguavoen
22.8%
1994Ben Iroha
22.8%
1998Augustine Eguavoen
22.8%
1998Ben Iroha
22.8%
2002Ike Shorunmu
22.6%
2010Chinedu Obasi
21.9%
1998William Okpara
21.3%
1998Godwin Okpara
21.3%
1994Uche Okafor
21.1%
1998Uche Okafor
21.1%
1994Efan Ekoku
20.9%
2002Bartholomew Ogbeche
20.9%
2002Efe Sodje
18.8%
Year Player % Correct
1994Clemens Westerhof
18.4%
2010Dickson Etuhu
18%
2002Augustine Ejide
17.2%
2010Augustine Ejide
17.2%
2010Sani Kaita
15.9%
2002Pius Ikedia
14.9%
2010Lukman Haruna
14.1%
1998Mobi Oparaku
13.9%
2010Ideye Brown
13.9%
1994Michael Emenalo
13%
2010Chidi Odiah
12.8%
2002Rabiu Afolabi
12.4%
2010Rabiu Afolabi
12.4%
1994Alloy Agu
12.2%
2010Ayila Yussuf
12.2%
2002Ifeanyi Udeze
11.8%
2002Justice Christopher
11.4%
2010Uwa Elderson Echiejile
10.8%
1994Thompson Oliha
10.6%
1994Chidi Nwanu
9.7%
1998Abiodun Baruwa
9.5%
2002Femi Opabunmi
9.1%
1994Wilfred Agbonavbare
8.5%
2002James Obiorah
8.1%
2002Benedict Akwuegbu
7.2%
2002Festus Adegboye Onigbinde
6.8%
2002Eric Ejiofor
5.4%
2010Dele Adeleye
5.2%
1994Emeka Ezeugo
5%
2010Dele Aiyenugba
5%

You're not logged in!

Compare scores with friends on all Sporcle quizzes.
Join for Free
OR
Log In

You Might Also Like...

Show Comments

Extras

Top Quizzes Today


Score Distribution

Your Account Isn't Verified!

In order to create a playlist on Sporcle, you need to verify the email address you used during registration. Go to your Sporcle Settings to finish the process.

Report this User

Report this user for behavior that violates our Community Guidelines.

Details: